[Event "AUTO-INT-401"]
[Site "http://www.queenalice.com/game.php?id=191097"]
[Date "2007.4.3"]
[Round "1"]
[White "pedrinhoIII"]
[Black "Chakal69"]
[Result "1-0"]
[WhiteElo "1517"]
[BlackElo "1677"]

1. e4 e5 2. Qh5 Nf6 3. Qxe5+ Qe7 4. Qxc7 Qxe4+ 5. Ne2 Na6 6. Qc3 d5 7. f3 Qe7 8.
g4 Be6 9. Nf4 Bxg4+ 10. Be2 Bf5 11. O-O Rd8 12. Bxa6 bxa6 13. d3 g6 14. Re1 Be6
15. Nxe6 fxe6 16. Qc6+ Nd7 17. Rxe6 Qxe6 18. Qxe6+ Be7 19. Qxa6 O-O 20. Qxa7
Bc5+ 21. Qxc5 Nxc5 22. f4 h6 23. b3 Rfe8 24. Bd2 Rd7 25. Nc3 Kg7 26. b4 Na6 27.
b5 Nb4 28. b6 Nxc2 29. Rc1 1-0

[Event "AUTO-INT-401"]
[Site "http://www.queenalice.com/game.php?id=191112"]
[Date "2007.4.3"]
[Round "1"]
[White "ricardosf"]
[Black "pedrinhoIII"]
[Result "1-0"]
[WhiteElo "1328"]
[BlackElo "1569"]

1. d4 e6 2. h4 h6 3. d5 exd5 4. Qxd5 Nf6 5. Qe5+ Be7 6. Nf3 Nc6 7. Qf4 g5 8.
hxg5 Nd5 9. Qf5 Ncb4 10. g6 fxg6 11. Qxg6+ Kf8 12. Ne5 Qe8 13. Rxh6 Rxh6 14.
Qxh6+ Kg8 15. Ng6 Nxc2+ 16. Kd1 Nxa1 17. Qh8+ Kf7 18. Ne5+ Ke6 19. Qxe8 Kxe5 20.
f4+ Kd6 21. Qg6+ Bf6 22. b3 Kc5 23. e4 Bd4 24. exd5 Kxd5 25. Qf5+ Kd6 26. Qg6+
Ke7 27. Ba3+ d6 28. Qe4+ Be5 29. fxe5 Be6 30. Qh7+ Kf8 31. Qxc7 Rc8 32. Bxd6+
1-0

[Event "AUTO-INT-401"]
[Site "http://www.queenalice.com/game.php?id=191113"]
[Date "2007.4.3"]
[Round "1"]
[White "pedrinhoIII"]
[Black "ricardosf"]
[Result "1-0"]
[WhiteElo "1625"]
[BlackElo "1439"]

1. e4 d5 2. exd5 Qxd5 3. Nc3 Qe5+ 4. Be2 Bg4 5. f3 Bxf3 6. Nxf3 Qf4 7. Nd5 Qe4
8. Nxc7+ Kd7 9. Nxa8 f5 10. O-O b6 11. Bb5+ Kc8 12. Re1 Qd5 13. Re5 Qd6 14. d4
Nf6 15. Bf4 Ng4 16. Rc5+ bxc5 17. Bxd6 exd6 18. dxc5 dxc5 19. h3 Ne3 20. Qd2 f4
21. g3 a6 22. Qa5 Nxc2 23. Qc7# 1-0

[Event "AUTO-INT-401"]
[Site "http://www.queenalice.com/game.php?id=191124"]
[Date "2007.4.3"]
[Round "1"]
[White "pedrinhoIII"]
[Black "iwanikow"]
[Result "0-1"]
[WhiteElo "1503"]
[BlackElo "1733"]

1. e4 e5 2. Qh5 d6 3. Nh3 Nf6 4. Qf3 Be7 5. d3 O-O 6. Be2 Nc6 7. Qg3 Nd4 8. Na3
Nxe2 9. Kxe2 c5 10. Kf1 Nh5 11. Qf3 Nf6 12. Bg5 Bxh3 13. gxh3 Rc8 14. Rg1 g6 15.
Bxf6 Bxf6 16. Nb5 a5 17. Na7 Ra8 18. Nb5 a4 19. Nc3 a3 20. b3 Ra5 0-1

[Event "AUTO-INT-401"]
[Site "http://www.queenalice.com/game.php?id=191125"]
[Date "2007.4.3"]
[Round "1"]
[White "iwanikow"]
[Black "pedrinhoIII"]
[Result "0-1"]
[WhiteElo "1740"]
[BlackElo "1560"]

1. e4 d6 2. d3 Nh6 3. Nf3 c6 4. Be2 e5 5. O-O Qf6 6. Nc3 Be7 7. Bg5 Qg6 8. Bxe7
Kxe7 9. Nh4 Qf6 10. Nf3 Bg4 11. Na4 Bxf3 12. Bxf3 b5 13. Nc3 b4 14. Ne2 g5 15.
d4 exd4 16. Nxd4 g4 17. Bxg4 Nxg4 18. Qxg4 Qxd4 19. Rad1 Qf6 20. e5 dxe5 21.
Rfe1 a5 22. Rd4 Ra7 23. f4 Kf8 24. fxe5 Qe7 25. e6 Rg8 26. Qf4 Rb7 27. Rde4 f6
28. Qh6+ Rg7 29. Rf4 Qc5+ 30. Kh1 Qxc2 31. Rxf6+ Kg8 32. Rf3 Qxg2# 0-1

[Event "Challenge"]
[Site "http://www.queenalice.com/game.php?id=191147"]
[Date "2007.4.3"]
[Round "-"]
[White "laudimf"]
[Black "pedrinhoIII"]
[Result "1-0"]
[WhiteElo "1465"]
[BlackElo "1678"]

1. Nf3 e6 2. g3 Nc6 3. Bg2 e5 4. d3 d6 5. O-O Bg4 6. Nbd2 d5 7. e4 dxe4 8. dxe4
Nd4 9. h3 Bxf3 10. Nxf3 f6 11. h4 Nh6 12. Bxh6 gxh6 13. Nxd4 exd4 14. Qh5+ Ke7
15. e5 Kd7 16. Qf7+ Qe7 17. Qxe7+ Bxe7 18. exf6 Bxf6 19. Bxb7 Rab8 20. Bg2 Rxb2
21. Be4 Re8 22. Bd3 Re7 23. Bf5+ Kd8 24. Rfd1 c5 25. c4 Kc7 26. a4 a5 27. Rdb1
Rxb1+ 28. Rxb1 Kd6 29. Rb5 Ra7 30. Bb1 Kc6 31. Be4+ Kd6 32. Rb6+ Ke5 33. f3 Bd8
34. Rxh6 Rb7 35. Bxb7 1-0

[Event "Challenge"]
[Site "http://www.queenalice.com/game.php?id=191160"]
[Date "2007.4.3"]
[Round "-"]
[White "pedrinhoIII"]
[Black "hugo10"]
[Result "1-0"]
[WhiteElo "1662"]
[BlackElo "1416"]

1. e4 e5 2. Qh5 Nc6 3. Nf3 Nh6 4. Ng5 Nd4 5. Bd3 g6 6. Qh3 Qxg5 7. c3 Ne6 8. Bc4
Nf4 9. Qg3 Nxg2+ 10. Kf1 Be7 11. Qxg2 f5 12. d3 fxe4 13. Bxg5 Nf7 14. Bxe7 Kxe7
15. Bxf7 Kxf7 16. Qxe4 c6 17. Qxe5 Re8 18. Qf4+ Kg7 19. Rg1 d5 20. Qd4+ Kf7 21.
Qh4 Bf5 22. Qxh7+ Ke6 23. Kg2 Rh8 24. Re1+ Kd6 25. Qe7# 1-0

[Event "Challenge"]
[Site "http://www.queenalice.com/game.php?id=191167"]
[Date "2007.4.3"]
[Round "-"]
[White "pedrinhoIII"]
[Black "Rika"]
[Result "1-0"]
[WhiteElo "1538"]
[BlackElo "1574"]

1. e4 e5 2. Qh5 d6 3. Bc4 g6 4. Qf3 Qe7 5. d3 Be6 6. Na3 Nc6 7. Bxe6 Nd4 8. Qe3
Nxc2+ 9. Nxc2 Qxe6 10. Bd2 O-O-O 11. O-O-O d5 12. Qxa7 Qc6 13. exd5 Qxd5 14. Nf3
Bc5 15. Qa5 b6 16. Qa6+ Kb8 17. Bc3 f6 18. d4 exd4 19. Bxd4 Qb7 20. Qxb7+ Kxb7
21. Bxc5 Rxd1+ 22. Rxd1 bxc5 23. b4 c4 24. a4 Ne7 25. a5 Nc6 26. Nfd4 Nxd4 27.
Rxd4 c3 28. Na3 Re8 29. Kc2 Re2+ 30. Kxc3 Rxf2 31. Rg4 f5 32. Rg5 Re2 33. b5
Re3+ 34. Kb4 Re4+ 35. Nc4 Re6 36. a6+ Ka7 37. Rg3 c6 38. bxc6 Rxc6 39. Rh3 h5
40. Kb5 Rxa6 41. Ra3 Rxa3 42. Nxa3 f4 43. Nc4 h4 44. Ne5 g5 45. Kc4 Kb6 46. Kd3
Kc5 47. Ke4 Kd6 48. Nf7+ 1-0

[Event "Challenge"]
[Site "http://www.queenalice.com/game.php?id=191169"]
[Date "2007.4.3"]
[Round "-"]
[White "magdaandreia"]
[Black "pedrinhoIII"]
[Result "1-0"]
[WhiteElo "1474"]
[BlackElo "1496"]

1. e4 e5 2. Nc3 Nf6 3. Nf3 Bb4 4. Nxe5 Bxc3 5. dxc3 Nxe4 6. Bd3 Nc5 7. Bc4 d6 8.
Nxf7 Qf6 9. Nxh8 Ne4 10. O-O Qf8 11. Qh5+ g6 12. Qxh7 b5 13. Bxb5+ c6 14. Nxg6
Qf6 15. Qg8+ Kd7 16. Bd3 d5 17. f3 Ng5 18. Bxg5 Qxg5 19. Qf7+ Kd8 20. Rfe1 Bd7
21. Re5 1-0

[Event "AUTO-INT-423"]
[Site "http://www.queenalice.com/game.php?id=199235"]
[Date "2007.4.19"]
[Round "1"]
[White "SGF"]
[Black "pedrinhoIII"]
[Result "1-0"]
[WhiteElo "1669"]
[BlackElo "1541"]

1. e4 d6 2. Qf3 Nf6 3. Bb5+ c6 4. Bc4 d5 5. exd5 cxd5 6. Bb5+ Nc6 7. Bxc6+ bxc6
8. Nh3 Ba6 9. Nc3 h6 10. Nf4 g5 11. Nh5 g4 12. Nxf6+ exf6 13. Qxg4 c5 14. Qa4+
Ke7 15. Qxa6 Rg8 16. Qe2+ Kd7 17. Nxd5 Rxg2 18. Nxf6+ Qxf6 19. Qb5+ Kd8 20. Qd3+
Bd6 21. Rf1 Rxh2 22. Qe4 Rc8 23. d3 Kd7 24. Qa4+ Rc6 25. Qxa7+ Rc7 26. Qa4+ Rc6
27. c3 Qe5+ 28. Be3 Be7 29. O-O-O Bg5 30. Kb1 Bxe3 31. fxe3 Qe6 32. Qa7+ Rc7 33.
Qa4+ Ke7 34. Qf4 1-0

[Event "AUTO-INT-423"]
[Site "http://www.queenalice.com/game.php?id=199236"]
[Date "2007.4.19"]
[Round "1"]
[White "pedrinhoIII"]
[Black "SGF"]
[Result "0-1"]
[WhiteElo "1636"]
[BlackElo "1545"]

1. e4 e5 2. Qh5 Nf6 3. Qxe5+ Be7 4. d3 Nc6 5. Qg3 Nh5 6. Qf3 Nd4 7. Qd1 Bc5 8.
Be3 Qf6 9. c3 Ne6 10. Bxc5 Nxc5 11. Qxh5 d6 12. b4 Ne6 13. Qd1 Ng5 14. h4 Ne6
15. g4 g5 16. hxg5 Nxg5 17. f4 Qxf4 18. Nh3 Nf3+ 19. Ke2 Qxg4 20. Rg1 Nxg1+ 21.
Ke1 Qg3+ 22. Nf2 h5 23. Qa4+ c6 24. Nd2 Bg4 25. Qa5 Qe3+ 26. Be2 Qxe2# 0-1

[Event "AUTO-INT-423"]
[Site "http://www.queenalice.com/game.php?id=199249"]
[Date "2007.4.19"]
[Round "1"]
[White "Celestina"]
[Black "pedrinhoIII"]
[Result "0-1"]
[WhiteElo "1303"]
[BlackElo "1494"]

1. d4 e6 2. Bf4 Qf6 3. Qd2 Na6 4. Nc3 Bb4 5. e3 Nh6 6. a3 Bxc3 7. Qxc3 g5 8. Be5
Qf5 9. Bd3 Qg4 10. g3 O-O 11. Ne2 f6 12. Bxf6 Rxf6 13. d5 Rf7 14. Nd4 e5 15. Nf5
Nxf5 0-1

[Event "AUTO-INT-423"]
[Site "http://www.queenalice.com/game.php?id=199259"]
[Date "2007.4.19"]
[Round "1"]
[White "pedrinhoIII"]
[Black "tupifc"]
[Result "0-1"]
[WhiteElo "1653"]
[BlackElo "1747"]

1. e4 e5 2. Qh5 d6 3. Bc4 g6 4. Qf3 Nf6 5. d3 Bg4 6. Qg3 h5 7. h3 h4 8. Qe3 Bh6
9. f4 Bxf4 10. Qf2 Bg3 11. Qxg3 hxg3 12. Bg5 Nbd7 13. Ne2 c6 14. Nxg3 Qb6 15.
Nd2 Nh5 16. hxg4 f6 17. gxh5 fxg5 18. O-O-O Qe3 19. Nf1 Qf2 20. g3 Qg2 21. Rh2
Qxh2 22. Nxh2 Rxh5 23. Rh1 O-O-O 24. Be6 Kc7 25. g4 Rh6 26. Nc4 Nc5 27. Bf7 Rdh8
28. b4 Na4 29. Ne3 Rxh2 30. Rxh2 Rxh2 31. Bxg6 Rh1+ 32. Kd2 Rh2+ 33. Ke1 Nc3 34.
Nf1 Re2# 0-1

[Event "AUTO-INT-423"]
[Site "http://www.queenalice.com/game.php?id=199260"]
[Date "2007.4.19"]
[Round "1"]
[White "tupifc"]
[Black "pedrinhoIII"]
[Result "1-0"]
[WhiteElo "1803"]
[BlackElo "1616"]

1. e4 d6 2. Nf3 Nf6 3. Nc3 e5 4. Bc4 c6 5. d3 b5 6. Bb3 a5 7. a4 b4 8. Na2 d5 9.
exd5 cxd5 10. Nxe5 Qd6 11. d4 Qe7 12. O-O Qd6 13. Re1 Qa6 14. Bg5 Be7 15. Bxf6
Bxf6 16. Nc6+ Be6 17. Nxb8 Rxb8 18. Bxd5 O-O 19. Bxe6 fxe6 20. c3 b3 21. Nc1 Qa7
22. Ra3 Bd8 23. Rxb3 Rxb3 24. Nxb3 Bc7 25. Nc5 Rf6 26. Nxe6 Rg6 27. Nxc7 Qxc7
28. Qb3+ Kf8 29. Qa3+ Kf7 30. Re3 Qb7 31. Qa2+ Kf8 32. Rf3+ Qxf3 33. Qa3+ Ke8
34. g3 Re6 35. Qa1 Re2 36. Qf1 Rd2 37. Qb5+ Ke7 38. Qg5+ Kf8 39. Qxd2 Qc6 40.
Qf4+ Kg8 41. Qb8+ Kf7 42. Qa7+ Kg8 43. Qxa5 h6 44. f4 Qb7 45. Qb5 Qe4 46. a5 Qa8
47. a6 Kh7 48. Qb7 1-0

[Event "Let's Play Chess!"]
[Site "http://www.queenalice.com/game.php?id=201063"]
[Date "2007.4.23"]
[Round "-"]
[White "vduran"]
[Black "pedrinhoIII"]
[Result "1-0"]
[WhiteElo "1100"]
[BlackElo "1678"]

1. d4 d6 2. e4 Nf6 3. Nc3 a6 4. f4 b5 5. Bd3 b4 6. Nce2 a5 7. a3 bxa3 8. Rxa3
Ba6 9. Rxa5 c5 10. Bd2 Nc6 11. Rxa6 Rxa6 12. Bxa6 Nxe4 13. d5 Qb6 14. Qa1 Nb8
15. Qa4+ Kd8 16. Ba5 Qxa5+ 17. Qxa5+ 1-0

[Event "AUTO-INT-401"]
[Site "http://www.queenalice.com/game.php?id=253933"]
[Date "2007.8.10"]
[Round "2"]
[White "pedrinhoIII"]
[Black "iwanikow"]
[Result "0-1"]
[WhiteElo "1591"]
[BlackElo "1739"]

1. e4 e5 2. Qh5 d6 3. Bc4 g6 4. Qf3 Nf6 5. h3 Bg7 6. Ne2 O-O 7. O-O c5 8. Nec3
Nc6 9. Qg3 Nd4 10. Na3 Nh5 11. Qe3 Nf4 12. Kh2 Qh4 13. g4 Bxg4 14. Be2 Ndxe2 15.
Nxe2 Nxe2 16. d3 Nf4 17. Qg3 Qxg3+ 18. fxg3 Nxh3 19. Nb5 f5 20. exf5 Rxf5 21.
Rxf5 Bxf5 22. Nxd6 Nf2 23. Nxb7 e4 24. Nxc5 exd3 25. cxd3 Nxd3 26. Nxd3 Bxd3 27.
a3 a5 28. Ra2 Rc8 29. Bf4 Rc2+ 30. Kh3 Rxb2 31. Rxb2 Bxb2 32. a4 Bc2 33. Bc7 Bc3
34. Kg2 Bxa4 35. Kf3 Bb3 36. Ke3 a4 37. Kd3 Bf6 38. Kd2 a3 39. Kc1 a2 0-1

[Event "AUTO-INT-401"]
[Site "http://www.queenalice.com/game.php?id=253934"]
[Date "2007.8.10"]
[Round "2"]
[White "iwanikow"]
[Black "pedrinhoIII"]
[Result "1-0"]
[WhiteElo "1719"]
[BlackElo "1626"]

1. e4 e5 2. d3 c5 3. Nf3 Nc6 4. Be2 d5 5. exd5 Qxd5 6. Nc3 Qe6 7. O-O Bd6 8. Nb5
a6 9. Nxd6+ Qxd6 10. c4 Qg6 11. Qa4 Bd7 12. Qb3 Nd4 13. Nxd4 Bh3 14. Bf3 exd4
15. Qxb7 Rc8 16. Bd2 Ne7 17. Rae1 Be6 18. Bd5 O-O 19. Qxe7 Rfe8 20. Qb7 Rb8 21.
Qxa6 Rxb2 22. Bc1 Rc2 23. Bxe6 fxe6 24. Re4 Rc3 25. Rfe1 Rxd3 26. g3 Rc3 27.
Rxe6 Rxe6 28. Rxe6 Rxc1+ 29. Kg2 Qf7 30. Qa8+ Qf8 31. Re8 h6 32. Rxf8+ Kh7 33.
Qe4+ g6 34. Qe7# 1-0

[Event "AUTO-INT-401"]
[Site "http://www.queenalice.com/game.php?id=253937"]
[Date "2007.8.10"]
[Round "2"]
[White "pedrinhoIII"]
[Black "leafar"]
[Result "0-1"]
[WhiteElo "1603"]
[BlackElo "1715"]

1. e4 e5 2. Qh5 d6 3. Bc4 g6 4. Qf3 Nf6 5. h3 Bg7 6. Ne2 O-O 7. d4 exd4 8. Nxd4
c5 9. Nb5 a6 10. N5c3 Nc6 11. O-O Nd4 12. Qd3 b5 13. Bd5 Nxd5 14. Nxd5 Be6 15.
Nbc3 c4 16. Qd1 f5 17. exf5 Rxf5 18. Ne3 Rf7 19. Ne4 Qd7 20. g4 Nf3+ 21. Kg2
Nh4+ 22. Kh1 Raf8 23. Ng5 Rxf2 24. Rxf2 Rxf2 25. Nxe6 Qxe6 26. Kg1 Qf7 27. Qd5
Qxd5 28. Nxd5 Rxc2 29. Nb4 Bd4+ 30. Kh1 Re2 31. Bg5 Nf3 32. Bf4 Be5 33. Bxe5
dxe5 34. Nxa6 Rh2# 0-1

[Event "AUTO-INT-401"]
[Site "http://www.queenalice.com/game.php?id=253938"]
[Date "2007.8.10"]
[Round "2"]
[White "leafar"]
[Black "pedrinhoIII"]
[Result "1-0"]
[WhiteElo "1727"]
[BlackElo "1614"]

1. e4 e5 2. d3 c5 3. Nf3 Nc6 4. Be2 b5 5. O-O d6 6. Nc3 b4 7. Nd5 Be6 8. c4 Bxd5
9. cxd5 Nd4 10. Nxd4 exd4 11. Bg4 h6 12. Re1 Be7 13. b3 a5 14. Qf3 Nf6 15. e5
Nxg4 16. Qxg4 dxe5 17. Rxe5 O-O 18. Bxh6 Bf6 19. Rf5 Kh7 20. Rh5 Kg8 21. Re1 Re8
22. Rxe8+ Qxe8 23. g3 Qe1+ 24. Kg2 g6 25. Bf4 Kf8 26. Rh7 Re8 27. Qf3 Qb1 28.
Bd6+ Kg8 29. Rh3 Be7 30. Bxe7 Rxe7 31. Qf6 1-0